|
|
|
|
| LEADER |
00000nam a2200000 a 4500 |
| 001 |
vtls001421664 |
| 003 |
SK-MaSNL |
| 005 |
20260301072327.0 |
| 008 |
240316sm y0 xo r 0 slo |
| 020 |
|
|
|c 2.500,00
|
| 035 |
|
|
|a SNK000376519
|
| 040 |
|
|
|a SNK
|b slo
|c SNK
|e AACR2
|
| 044 |
|
|
|a xo
|c SK
|
| 100 |
1 |
|
|a Szvorényi, Michael
|4 aut
|9 391584
|
| 245 |
1 |
|
|a Ius Publicum
|b commune, et particulare
|n pars generalis
|
| 260 |
|
|
|a Weszprim
|b Typis Michael Sammer
|c 1803
|
| 999 |
|
|
|c 640705
|d 642635
|
| 952 |
|
|
|t P60, <04>, [BOOK], {604}
|a SNK
|b SNK
|y VYP
|7 0
|p 17A0320741
|o snkSD 5062/1-2 D1
|i snkK 1399/2001
|0 0
|1 0
|4 0
|d 2001-11-05
|l 0
|r 2005-01-02 00:00:00
|w 2026-02-23
|